Statistics for Tekken: Fighting Styles

Click here to take the quiz!

General Stats

  • This quiz has been taken 414 times
    (398 since last reset)
  • The average score is 9 of 15

Answer Stats

HintAnswer% Correct
Steve Foxboxing
95%
King and Armor Kingwrestling
90%
Ganryusumo
79%
Baek Doo San and Hwoarangtaekwondo
76%
Bryan Furykickboxing
74%
Eddie Gordo, Tiger Jackson, Christie Monteirocapoeira
67%
Paul Phoenixfull contact karate
64%
Lei Wulongkungfu
63%
Yoshimitsu and Ravenninjutsu
63%
Bruce Irvinmuay thai
49%
Marshall and Forest Lawjeet kune do
35%
Craig Mardukvale tudo
34%
Sergei Dragunovsambo
30%
Anna and Nina Williamsaikido
24%
Feng Weikenpo
19%

Score Distribution

Percentile by Number Answered

Percent of People with Each Score

Your Score History

You have not taken this quiz since the last reset